000 01065cam a22002894a 4500
001 13711243
005 20160810092914.0
008 040907s2004 paua b 001 0 eng
010 _a 2004058697
020 _a193069945X (pbk.)
020 _a1930699506 (CDROM)
040 _aDLC
_cDLC
_dDLC
042 _apcc
050 0 0 _aHD69.P75G845 2004
_bG845 2004
082 0 0 _222
245 0 2 _aA guide to the project management body of knowledge (PMBOK guide).
246 3 0 _aPMBOK guide
250 _a3rd ed.
260 _aNewtown Square, Pa. :
_bProject Management Institute, Inc.,
_cc2004.
300 _aviii, 388 p. :
_bill. ;
_c28 cm.
504 _aIncludes bibliographical references (p. 345-346) and index.
650 0 _aProject management.
710 2 _aProject Management Institute.
906 _a7
_bcbc
_corignew
_d1
_eocip
_f20
_gy-gencatlg
942 _2lcc
_cBOOKS
_hHD69.P75G845 2004
999 _c13182
_d13182